Freud at work : on the history of psychoanalytic theory and practice, with an analysis of Freud's patient record books /

Bibliographic Details
Main Author: May, Ulrike (Author)
Corporate Author: Taylor & Francis
Other Authors: Haller, Daniela (Translator), Mathes, Bettina (Translator), Molnar, Michael (Researcher on Freud) (Translator), Slotkin, Philip (Translator), Winter, Deirdre (Translator)
Format: eBook
Language:English
Published: Abingdon, Oxon ; New York, NY : Routledge, 2018.
Series:History of psychoanalysis series.
Subjects:
Online Access:Connect to the full text of this electronic book

MARC

Tag First Indicator Second Indicator Subfields
LEADER 00000cam a2200000Ii 4500
001 in00004014413
006 m o d
007 cr cnu---unuuu
008 180716s2018 enk ob 001 0 eng d
005 20250816191217.6
020 |a 9780429759031  |q (electronic bk.) 
020 |a 0429759037  |q (electronic bk.) 
020 |z 9781782205012 
024 8 |a 99978037129 
035 |a (NhCcYBP)ybp15620218 
040 |a NhCcYBP  |c NhCcYBP  |d UtOrBLW 
041 1 |a eng  |h ger 
050 4 |a BF109.F74  |b M39513 2018 
072 7 |a PSY  |x 029000  |2 bisacsh 
082 0 4 |a 150.1952092  |2 23 
100 1 |a May, Ulrike,  |e author. 
240 1 0 |a Freud bei der Arbeit.  |l English 
245 1 0 |a Freud at work :  |b on the history of psychoanalytic theory and practice, with an analysis of Freud's patient record books /  |c Ulrike May ; translated from the German by Daniela Haller, Bettina Mathes, Michael Molnar, Philip Slotkin, and Deirdre Winter. 
264 1 |a Abingdon, Oxon ;  |a New York, NY :  |b Routledge,  |c 2018. 
300 |a 1 online resource. 
336 |a text  |b txt  |2 rdacontent 
337 |a computer  |b c  |2 rdamedia 
338 |a online resource  |b cr  |2 rdacarrier 
490 1 |a The history of psychoanalysis series 
588 0 |a Online resource; title from PDF title page (EBSCO, viewed July 17, 2018) 
504 |a Includes bibliographical references and index. 
505 0 |a Cover; Half Title; Title; Copyright; CONTENTS; ACKNOWLEDGEMENTS; ABOUT THE AUTHOR; ABBREVIATIONS; SERIES EDITOR'S FOREWORD; INTRODUCTION; PART I: FREUD AND HIS STUDENTS; CHAPTER ONE How the concept of narcissism came into being: from Ellis and Näcke to Sadger and Freud; CHAPTER TWO Abraham's discovery of the "bad mother": a contribution to the history of the theory of depression; CHAPTER THREE From anger to reflection: remarks on Freud's commentary on an early paper by Karl Abraham (1907) 
505 8 |a CHAPTER FOUR Karl Abraham's revolution of 1916: from sensual sucking to the oral-aggressive wish of destructionCHAPTER FIVE Towards Karl Abraham's "A Short Study of the Development of the Libido" (1924): August Stärcke's contribution to the theory of orality; CHAPTER SIX On the early history of anal erotism (1905-1924); CHAPTER SEVEN Thinking up the death drive: remarks on Freud's research projects, his ambitions, and his vision of the primacy of sexuality; PART II: FREUD AND HIS PATIENTS; CHAPTER EIGHT Fourteen hundred hours of analysis with Freud: Viktor von Dirsztay; Appendix 
505 8 |a CHAPTER NINE Freud's patient record books (1910-1920): on the duration and frequency of thirty-six of Freud's analysesAppendix; SOURCES; REFERENCES; INDEX 
500 |a Electronic resource. 
600 1 0 |a Freud, Sigmund,  |d 1856-1939.  |0 http://id.loc.gov/authorities/names/n79043849 
650 0 |a Psychoanalysis.  |0 http://id.loc.gov/authorities/subjects/sh85108411 
650 0 |a Narcissism.  |0 http://id.loc.gov/authorities/subjects/sh85089796 
655 7 |a Electronic books.  |2 local 
700 1 |a Haller, Daniela,  |e translator. 
700 1 |a Mathes, Bettina,  |e translator.  |0 http://id.loc.gov/authorities/names/n2002026791 
700 1 |a Molnar, Michael  |c (Researcher on Freud),  |e translator.  |0 http://id.loc.gov/authorities/names/n2015182460 
700 1 |a Slotkin, Philip,  |e translator.  |0 http://id.loc.gov/authorities/names/no2005001290 
700 1 |a Winter, Deirdre,  |e translator. 
710 2 |a Taylor & Francis.  |0 http://id.loc.gov/authorities/names/n84073022 
830 0 |a History of psychoanalysis series.  |0 http://id.loc.gov/authorities/names/no2011152703 
856 4 0 |u http://proxy.library.tamu.edu/login?url=https://www.taylorfrancis.com/books/9780429425783  |z Connect to the full text of this electronic book  |t 0 
945 |a machinegen 
955 |a YBP purchased firm e-records 
980 |b 159.00  |g 1 
999 f f |s 07b6ec6b-31b6-3d5c-be98-bfaefd230e8c  |i 2cc2cce3-4f67-3f28-a26a-87181b4af576  |t 0 
952 f f |a Texas A&M University  |b College Station  |c Electronic Resources  |d Available Online  |t 0  |e BF109.F74 M39513 2018  |h Library of Congress classification 
998 f f |a BF109.F74 M39513 2018  |t 0  |l Available Online